Ein reformatorisches Bibelwerk im Uracher Mönchshof

Saved in:  
Bibliographic Details
Main Author: Braun, Theo (Author)
Format: Print Article
Language:German
Check availability: HBZ Gateway
Interlibrary Loan:Interlibrary Loan for the Fachinformationsdienste (Specialized Information Services in Germany)
Published: 1985
In: Unsere Kirche unter Gottes Wort
Year: 1985, Pages: 259-261
Further subjects:B Church history studies
B Bad Urach

MARC

LEADER 00000caa a22000002c 4500
001 1443904198
003 DE-627
005 20240507092255.0
007 tu
008 121112s1985 xx ||||| 00| ||ger c
020 |a 3791810758 
035 |a (DE-627)1443904198 
035 |a (DE-576)373904193 
035 |a (DE-599)BSZ373904193 
040 |a DE-627  |b ger  |c DE-627  |e rakwb 
041 |a ger 
084 |a 1  |2 ssgn 
084 |a 710  |2 bwlb 
100 1 |a Braun, Theo  |4 aut 
245 1 4 |a Ein reformatorisches Bibelwerk im Uracher Mönchshof  |c Theo Braun 
264 1 |c 1985 
336 |a Text  |b txt  |2 rdacontent 
337 |a ohne Hilfsmittel zu benutzen  |b n  |2 rdamedia 
338 |a Band  |b nc  |2 rdacarrier 
601 |a Reformator 
650 4 |a Kirchengeschichte  |0 (DE-631)9884  |7 (dpeaa)DE-631 
651 7 |0 (DE-588)4062073-6  |0 (DE-627)106133586  |0 (DE-576)209142359  |a Bad Urach  |2 gnd  |7 (dpeaa)DE-631 
773 0 8 |i In  |t Unsere Kirche unter Gottes Wort  |b 1. Aufl.  |d Stuttgart : Quell-Verlag, 1985  |g 1. Aufl. - Stuttgart, 1985. - S. 259 - 261  |h 280 S  |w (DE-627)023559543  |w (DE-576)025258001  |z 3791810758  |7 nnam 
773 1 8 |g year:1985  |g pages:259-261 
935 |a BWLB 
951 |a AR 
ELC |b 1 
ITA |a 1  |t 1 
ORI |a SA-MARC-ixtheo_oa001.raw 
STA 0 0 |a Church history studies,Church,Church history,Church history 
STB 0 0 |a Histoire de l’Église,Histoire de l’Église,Histoire du christianisme (discipline),Histoire du christianisme 
STC 0 0 |a Historia eclesiástica,Historia eclesiástica,Historia eclesiástica 
STD 0 0 |a Storia della Chiesa,Storia della Chiesa 
STE 0 0 |a 教会历史研究,教会 
STF 0 0 |a 教會歷史研究,教會 
STG 0 0 |a História eclesiástica,História eclesiástica 
STH 0 0 |a История церкви (дисциплина),История церкви 
STI 0 0 |a Εκκλησιαστική Ιστορία (μάθημα),Εκκλησιαστική Ιστορία 
SYE 0 0 |a Kirche 
SYF 0 0 |a Urach,Stadt Bad Urach